[Event "Merida World Heritage op 2nd"]
[Site "Merida"]
[Date "2022.08.02"]
[Round "1"]
[White "Garcia Gil Nunez Romero, Diego"]
[Black "Martinez Fernandez, Raul"]
[Result "0-1"]
[WhiteElo "1596"]
[BlackElo "2187"]
[PlyCount "52"]
[EventDate "2022.08.02"]
[EventType "swiss"]
[EventRounds "9"]
[EventCountry "ESP"]
[SourceTitle "EXT 2023"]
[Source "ChessBase"]
[SourceDate "2022.10.05"]
[SourceVersion "1"]
[SourceVersionDate "2022.10.05"]
[SourceQuality "1"]

1. Nf3 Nf6 2. e3 e6 3. c4 d5 4. Nc3 a6 5. d4 dxc4 6. Bxc4 b5 7. Be2 Bb7 8. Qc2 Nbd7 9. 0-0 c5 10. Rd1 cxd4 11. Nxd4 Rc8 12. Qb3 Qb6 13. Rd2 Bc5 14. Qd1 0-0 15. a4 b4 16. a5 Qc7 17. Na4 Bd6 18. Nf3 Ne4 19. Rd4 Ne5 20. Nxe5 Bxe5 21. Rd7 Bxh2+ 22. Kf1 Qb8 23. Bf3 Bc6 24. Bxe4 Bxd7 25. Nb6 Bb5+ 26. Bd3 Rcd8 0-1